Closer /

Guardat en:
Dades bibliogràfiques
Autor principal: Cooper, Dennis (Autor)
Format: Llibre
Idioma:anglès
Publicat: New York : Grove Weidenfeld, [1990]
Etiquetes: Afegir etiqueta
Sense etiquetes, Sigues el primer a etiquetar aquest registre!

MARC

LEADER 00000nam a22000007i 4500
001 IT\ICCU\UBO\2257079
003 ItRI
005 20260115231821.0
008 030725s1990 xxu|||||| ||||| |||||c
020 |a 0802110932 
020 |a 080213212X (pa.) 
040 |b ita  |c importazione bologna sebina 
041 7 |a eng  |2 ISO-639-2 
100 1 |a Cooper, Dennis  |0 IT\ICCU\LO1V\161105  |4 aut 
245 1 0 |a Closer /  |c Dennis Cooper. 
260 |a New York :  |b Grove Weidenfeld,  |c [1990] 
300 |a 131 p. ;  |c 21 cm. 
942 |2 ddc  |c BK  |n 0 
952 |0 0  |1 0  |4 0  |6 DOC_813_540000000000000_COO  |7 0  |9 13458  |a BO  |b BO  |d 2026-01-15  |i 7514  |l 0  |o DOC 813.54 COO  |p BO7514  |r 2026-01-15 23:18:21  |w 2026-01-15  |x [Sebina 5] [1 v.]  |y BK  |z 1 v. 
999 |c 11566  |d 11566